Birds of Montana - Statistics

General Stats
  • This quiz has been taken 9 times
  • The average score is 74 of 447
Answer Stats
Family Answer Scientific Name Status % Correct
Anatidae Mallard Anas platyrhynchos
100%
Anatidae Trumpeter Swan Cygnus buccinator
100%
Anatidae Bufflehead Bucephala albeola
75%
Anatidae Canada Goose Branta canadensis
75%
Anatidae Common Goldeneye Bucephala clangula
75%
Anatidae Common Merganser Mergus merganser
75%
Caprimulgidae Eastern/Mexican Whip-poor-will Antrostomus vociferus/arizonae Review Species
75%
Ardeidae Great Blue Heron Ardea herodias
75%
Strigidae Great Horned Owl Bubo virginianus
75%
Icteridae Red-winged Blackbird Agelaius phoeniceus
75%
Scolopacidae Ruff Calidris pugnax Review Species
75%
Cathartidae Turkey Vulture Cathartes aura
75%
Icteridae Western Meadowlark Sturnella neglecta
75%
Corvidae American Crow Corvus brachyrhynchos
50%
Accipitridae Bald Eagle Haliaeetus leucocephalus
50%
Tytonidae Barn Owl Tyto furcata
50%
Hirundinidae Barn Swallow Hirundo rustica
50%
Strigidae Barred Owl Strix varia
50%
Anatidae Barrow's Goldeneye Bucephala islandica
50%
Alcedinidae Belted Kingfisher Megaceryle alcyon
50%
Corvidae Black-billed Magpie Pica hudsonia
50%
Paridae Black-capped Chickadee Poecile atricapillus
50%
Corvidae Blue Jay Cyanocitta cristata
50%
Anatidae Blue-winged Teal Spatula discors
50%
Phasianidae Chukar Alectoris chukar
50%
Anatidae Cinnamon Teal Spatula cyanoptera
50%
Podicipedidae Clark's Grebe Aechmophorus clarkii
50%
Gaviidae Common Loon Gavia immer
50%
Corvidae Common Raven Corvus corax
50%
Icteridae Eastern Meadowlark Sturnella magna Review Species
50%
Anatidae Gadwall Mareca strepera
50%
Accipitridae Golden Eagle Aquila chrysaetos
50%
Anatidae Hooded Merganser Lophodytes cucullatus
50%
Charadriidae Killdeer Charadrius vociferus
50%
Picidae Northern Flicker Colaptes auratus
50%
Pandionidae Osprey Pandion haliaetus
50%
Falconidae Peregrine Falcon Falco peregrinus
50%
Accipitridae Red-tailed Hawk Buteo jamaicensis
50%
Anatidae Ross's Goose Anser rossii
50%
Anatidae Ruddy Duck Oxyura jamaicensis
50%
Phasianidae Ruffed Grouse Bonasa umbellus
50%
Gruidae Sandhill Crane Antigone canadensis
50%
Anatidae Snow Goose Anser caerulescens
50%
Phasianidae Spruce Grouse Canachites canadensis
50%
Hirundinidae Tree Swallow Tachycineta bicolor
50%
Recurvirostridae American Avocet Recurvirostra americana
25%
Rallidae American Coot Fulica americana
25%
Cinclidae American Dipper Cinclus mexicanus
25%
Charadriidae American Golden-Plover Pluvialis dominica
25%
Fringillidae American Goldfinch Spinus tristis
25%
Accipitridae American Goshawk Accipiter atricapillus
25%
Falconidae American Kestrel Falco sparverius
25%
Motacillidae American Pipit Anthus rubescens
25%
Parulidae American Redstart Setophaga ruticilla
25%
Turdidae American Robin Turdus migratorius
25%
Pelecanidae American White Pelican Pelecanus erythrorhynchos
25%
Anatidae American Wigeon Mareca americana
25%
Scolopacidae American Woodcock Scolopax minor Review Species
25%
Trochilidae Anna's Hummingbird Calypte anna Review Species
25%
Laridae Arctic Tern Sterna paradisaea Review Species
25%
Scolopacidae Baird's Sandpiper Calidris bairdii
25%
Icteridae Baltimore Oriole Icterus galbula
25%
Hirundinidae Bank Swallow Riparia riparia
25%
Vireonidae Bell's Vireo Vireo bellii Review Species
25%
Cuculidae Black-billed Cuckoo Coccyzus erythropthalmus
25%
Trochilidae Black-chinned Hummingbird Archilochus alexandri
25%
Cardinalidae Black-headed Grosbeak Pheucticus melanocephalus
25%
Laridae Black-legged Kittiwake Rissa tridactyla Review Species
25%
Recurvirostridae Black-necked Stilt Himantopus mexicanus
25%
Laridae Black Tern Chlidonias niger
25%
Cathartidae Black Vulture Coragyps atratus Review Species
25%
Icteridae Bobolink Dolichonyx oryzivorus
25%
Bombycillidae Bohemian Waxwing Bombycilla garrulus
25%
Strigidae Boreal Owl Aegolius funereus
25%
Anatidae Brant Branta bernicla Review Species
25%
Passerellidae Brewer's Sparrow Spizella breweri
25%
Icteridae Brown-headed Cowbird Molothrus ater
25%
Icteridae Bullock's Oriole Icterus bullockii
25%
Strigidae Burrowing Owl Athene cunicularia
25%
Laridae California Gull Larus californicus
25%
Odontophoridae California Quail Callipepla californica
25%
Trochilidae Calliope Hummingbird Selasphorus calliope
25%
Corvidae Canada Jay Perisoreus canadensis
25%
Parulidae Canada Warbler Cardellina canadensis
25%
Troglodytidae Carolina Wren Thryothorus ludovicianus Review Species
25%
Laridae Caspian Tern Hydroprogne caspia
25%
Fringillidae Cassin's Finch Haemorhous cassinii
25%
Passerellidae Cassin's Sparrow Peucaea cassinii Review Species
25%
Vireonidae Cassin's Vireo Vireo cassinii
25%
Bombycillidae Cedar Waxwing Bombycilla cedrorum
25%
Apodidae Chimney Swift Chaetura pelagica
25%
Corvidae Clark's Nutcracker Nucifraga columbiana
25%
Hirundinidae Cliff Swallow Petrochelidon pyrrhonota
25%
Icteridae Common Grackle Quiscalus quiscula
25%
Laridae Common Tern Sterna hirundo
25%
Parulidae Common Yellowthroat Geothlypis trichas
25%
Accipitridae Cooper's Hawk Accipiter cooperii
25%
Trochilidae Costa's Hummingbird Calypte costae Review Species
25%
Passerellidae Dark-eyed Junco Junco hyemalis
25%
Cardinalidae Dickcissel Spiza americana
25%
Picidae Downy Woodpecker Dryobates pubescens
25%
Scolopacidae Dunlin Calidris alpina
25%
Phasianidae Dusky Grouse Dendragapus obscurus
25%
Podicipedidae Eared Grebe Podiceps nigricollis
25%
Turdidae Eastern Bluebird Sialia sialis
25%
Tyrannidae Eastern Kingbird Tyrannus tyrannus
25%
Tyrannidae Eastern Phoebe Sayornis phoebe
25%
Strigidae Eastern Screech-Owl Megascops asio
25%
Columbidae Eurasian Collared-Dove Streptopelia decaocto
25%
Passeridae Eurasian Tree Sparrow Passer montanus Review Species
25%
Anatidae Eurasian Wigeon Mareca penelope
25%
Sturnidae European Starling Sturnus vulgaris
25%
Fringillidae Evening Grosbeak Coccothraustes vespertinus
25%
Laridae Forster's Tern Sterna forsteri
25%
Laridae Glaucous Gull Larus hyperboreus
25%
Laridae Glaucous-winged Gull Larus glaucescens
25%
Threskiornithidae Glossy Ibis Plegadis falcinellus Review Species
25%
Regulidae Golden-crowned Kinglet Regulus satrapa
25%
Mimidae Gray Catbird Dumetella carolinensis
25%
Phasianidae Gray Partridge Perdix perdix
25%
Ardeidae Great Egret Ardea alba
25%
Phasianidae Greater Prairie-Chicken Tympanuchus cupido Review Species
25%
Phasianidae Greater Sage-Grouse Centrocercus urophasianus
25%
Anatidae Greater White-fronted Goose Anser albifrons
25%
Scolopacidae Greater Yellowlegs Tringa melanoleuca
25%
Ardeidae Green Heron Butorides virescens
25%
Anatidae Green-winged Teal Anas crecca
25%
Falconidae Gyrfalcon Falco rusticolus
25%
Picidae Hairy Woodpecker Dryobates villosus
25%
Anatidae Harlequin Duck Histrionicus histrionicus
25%
Laridae Heermann's Gull Larus heermanni Review Species
25%
Laridae Herring Gull Larus argentatus
25%
Podicipedidae Horned Grebe Podiceps auritus
25%
Alaudidae Horned Lark Eremophila alpestris
25%
Fringillidae House Finch Haemorhous mexicanus
25%
Passeridae House Sparrow Passer domesticus
25%
Troglodytidae House Wren Troglodytes aedon
25%
Columbidae Inca Dove Columbina inca Review Species
25%
Cardinalidae Indigo Bunting Passerina cyanea
25%
Calcariidae Lapland Longspur Calcarius lapponicus
25%
Laridae Laughing Gull Leucophaeus atricilla Review Species
25%
Cardinalidae Lazuli Bunting Passerina amoena
25%
Scolopacidae Least Sandpiper Calidris minutilla
25%
Scolopacidae Lesser Yellowlegs Tringa flavipes
25%
Picidae Lewis's Woodpecker Melanerpes lewis
25%
Passerellidae Lincoln's Sparrow Melospiza lincolnii
25%
Laridae Little Gull Hydrocoloeus minutus Review Species
25%
Stercorariidae Long-tailed Jaeger Stercorarius longicaudus Review Species
25%
Troglodytidae Marsh Wren Cistothorus palustris
25%
Falconidae Merlin Falco columbarius
25%
Anatidae Mexican Duck Anas diazi Review Species
25%
Accipitridae Mississippi Kite Ictinia mississippiensis Review Species
25%
Turdidae Mountain Bluebird Sialia currucoides
25%
Paridae Mountain Chickadee Poecile gambeli
25%
Columbidae Mourning Dove Zenaida macroura
25%
Anatidae Mute Swan Cygnus olor
25%
Cardinalidae Northern Cardinal Cardinalis cardinalis
25%
Accipitridae Northern Harrier Circus hudsonius
25%
Mimidae Northern Mockingbird Mimus polyglottos
25%
Anatidae Northern Pintail Anas acuta
25%
Strigidae Northern Saw-whet Owl Aegolius acadicus
25%
Anatidae Northern Shoveler Spatula clypeata
25%
Laniidae Northern Shrike Lanius borealis
25%
Gaviidae Pacific Loon Gavia pacifica
25%
Troglodytidae Pacific Wren Troglodytes pacificus
25%
Cardinalidae Painted Bunting Passerina ciris Review Species
25%
Parulidae Palm Warbler Setophaga palmarum
25%
Stercorariidae Parasitic Jaeger Stercorarius parasiticus
25%
Vireonidae Philadelphia Vireo Vireo philadelphicus Review Species
25%
Picidae Pileated Woodpecker Dryocopus pileatus
25%
Fringillidae Pine Siskin Spinus pinus
25%
Parulidae Pine Warbler Setophaga pinus Review Species
25%
Charadriidae Piping Plover Charadrius melodus
25%
Stercorariidae Pomarine Jaeger Stercorarius pomarinus Review Species
25%
Parulidae Prothonotary Warbler Protonotaria citrea Review Species
25%
Hirundinidae Purple Martin Progne subis
25%
Sittidae Pygmy Nuthatch Sitta pygmaea
25%
Anatidae Red-breasted Merganser Mergus serrator
25%
Sittidae Red-breasted Nuthatch Sitta canadensis
25%
Fringillidae Red Crossbill Loxia curvirostra
25%
Vireonidae Red-eyed Vireo Vireo olivaceus
25%
Anatidae Redhead Aythya americana
25%
Picidae Red-headed Woodpecker Melanerpes erythrocephalus
25%
Scolopacidae Red Knot Calidris canutus
25%
Podicipedidae Red-necked Grebe Podiceps grisegena
25%
Scolopacidae Red Phalarope Phalaropus fulicarius
25%
Gaviidae Red-throated Loon Gavia stellata
25%
Laridae Ring-billed Gull Larus delawarensis
25%
Phasianidae Ring-necked Pheasant Phasianus colchicus
25%
Columbidae Rock Pigeon Columba livia
25%
Cardinalidae Rose-breasted Grosbeak Pheucticus ludovicianus
25%
Accipitridae Rough-legged Hawk Buteo lagopus
25%
Regulidae Ruby-crowned Kinglet Corthylio calendula
25%
Trochilidae Ruby-throated Hummingbird Archilochus colubris Review Species
25%
Scolopacidae Ruddy Turnstone Arenaria interpres
25%
Trochilidae Rufous Hummingbird Selasphorus rufus
25%
Scolopacidae Sanderling Calidris alba
25%
Passerellidae Savannah Sparrow Passerculus sandwichensis
25%
Tyrannidae Say's Phoebe Sayornis saya
25%
Tyrannidae Scissor-tailed Flycatcher Tyrannus forficatus
25%
Charadriidae Semipalmated Plover Charadrius semipalmatus
25%
Phasianidae Sharp-tailed Grouse Tympanuchus phasianellus
25%
Calcariidae Snow Bunting Plectrophenax nivalis
25%
Ardeidae Snowy Egret Egretta thula
25%
Strigidae Snowy Owl Bubo scandiacus
25%
Charadriidae Snowy Plover Anarhynchus nivosus Review Species
25%
Scolopacidae Solitary Sandpiper Tringa solitaria
25%
Passerellidae Song Sparrow Melospiza melodia
25%
Scolopacidae Spotted Sandpiper Actitis macularius
25%
Motacillidae Sprague's Pipit Anthus spragueii
25%
Corvidae Steller's Jay Cyanocitta stelleri
25%
Scolopacidae Stilt Sandpiper Calidris himantopus
25%
Cardinalidae Summer Tanager Piranga rubra
25%
Accipitridae Swainson's Hawk Buteo swainsoni
25%
Anatidae Tundra Swan Cygnus columbianus
25%
Apodidae Vaux's Swift Chaetura vauxi
25%
Turdidae Western Bluebird Sialia mexicana
25%
Ardeidae Western Cattle-Egret Ardea ibis
25%
Podicipedidae Western Grebe Aechmophorus occidentalis
25%
Laridae Western Gull Larus occidentalis Review Species
25%
Strigidae Western Screech-Owl Megascops kennicottii
25%
Sittidae White-breasted Nuthatch Sitta carolinensis
25%
Picidae White-headed Woodpecker Dryobates albolarvatus Review Species
25%
Fringillidae White-winged Crossbill Loxia leucoptera
25%
Gruidae Whooping Crane Grus americana
25%
Phasianidae Wild Turkey Meleagris gallopavo
25%
Scolopacidae Willet Tringa semipalmata
25%
Scolopacidae Wilson's Phalarope Phalaropus tricolor
25%
Scolopacidae Wilson's Snipe Gallinago delicata
25%
Troglodytidae Winter Wren Troglodytes hiemalis Review Species
25%
Anatidae Wood Duck Aix sponsa
25%
Ciconiidae Wood Stork Mycteria americana Review Species
25%
Picidae Yellow-bellied Sapsucker Sphyrapicus varius Review Species
25%
Cuculidae Yellow-billed Cuckoo Coccyzus americanus
25%
Gaviidae Yellow-billed Loon Gavia adamsii Review Species
25%
Parulidae Yellow Warbler Setophaga petechia
25%
Tyrannidae Alder Flycatcher Empidonax alnorum
0%
Ardeidae American Bittern Botaurus lentiginosus
0%
Anatidae American Black Duck Anas rubripes
0%
Picidae American Three-toed Woodpecker Picoides dorsalis
0%
Passerellidae American Tree Sparrow Spizelloides arborea
0%
Alcidae Ancient Murrelet Synthliboramphus antiquus Review Species
0%
Tyrannidae Ash-throated Flycatcher Myiarchus cinerascens Review Species
0%
Anatidae Baikal Teal Sibirionetta formosa Review Species
0%
Passerellidae Baird's Sparrow Centronyx bairdii
0%
Columbidae Band-tailed Pigeon Patagioenas fasciata
0%
Parulidae Bay-breasted Warbler Setophaga castanea Review Species
0%
Troglodytidae Bewick's Wren Thryomanes bewickii Review Species
0%
Parulidae Black-and-white Warbler Mniotilta varia
0%
Picidae Black-backed Woodpecker Picoides arcticus
0%
Charadriidae Black-bellied Plover Pluvialis squatarola
0%
Parulidae Blackburnian Warbler Setophaga fusca Review Species
0%
Ardeidae Black-crowned Night-Heron Nycticorax nycticorax
0%
Parulidae Blackpoll Warbler Setophaga striata
0%
Fringillidae Black Rosy-Finch Leucosticte atrata
0%
Anatidae Black Scoter Melanitta americana
0%
Apodidae Black Swift Cypseloides niger
0%
Parulidae Black-throated Blue Warbler Setophaga caerulescens
0%
Parulidae Black-throated Gray Warbler Setophaga nigrescens
0%
Parulidae Black-throated Green Warbler Setophaga virens Review Species
0%
Passerellidae Black-throated Sparrow Amphispiza bilineata Review Species
0%
Scolopacidae Black Turnstone Arenaria melanocephala Review Species
0%
Polioptilidae Blue-gray Gnatcatcher Polioptila caerulea
0%
Cardinalidae Blue Grosbeak Passerina caerulea Review Species
0%
Vireonidae Blue-headed Vireo Vireo solitarius Review Species
0%
Parulidae Blue-winged Warbler Vermivora cyanoptera Review Species
0%
Laridae Bonaparte's Gull Chroicocephalus philadelphia
0%
Paridae Boreal Chickadee Poecile hudsonicus
0%
Fringillidae Brambling Fringilla montifringilla Review Species
0%
Icteridae Brewer's Blackbird Euphagus cyanocephalus
0%
Trochilidae Broad-tailed Hummingbird Selasphorus platycercus
0%
Accipitridae Broad-winged Hawk Buteo platypterus
0%
Certhiidae Brown Creeper Certhia americana
0%
Mimidae Brown Thrasher Toxostoma rufum
0%
Scolopacidae Buff-breasted Sandpiper Calidris subruficollis
0%
Anatidae Cackling Goose Branta hutchinsii
0%
Corvidae California Scrub-Jay Aphelocoma californica Review Species
0%
Anatidae Canvasback Aythya valisineria
0%
Troglodytidae Canyon Wren Catherpes mexicanus
0%
Parulidae Cape May Warbler Setophaga tigrina
0%
Tyrannidae Cassin's Kingbird Tyrannus vociferans
0%
Paridae Chestnut-backed Chickadee Poecile rufescens
0%
Calcariidae Chestnut-collared Longspur Calcarius ornatus
0%
Parulidae Chestnut-sided Warbler Setophaga pensylvanica
0%
Passerellidae Chipping Sparrow Spizella passerina
0%
Passerellidae Clay-colored Sparrow Spizella pallida
0%
Rallidae Common Gallinule Gallinula galeata Review Species
0%
Caprimulgidae Common Nighthawk Chordeiles minor
0%
Caprimulgidae Common Poorwill Phalaenoptilus nuttallii
0%
Parulidae Connecticut Warbler Oporornis agilis Review Species
0%
Falconidae Crested Caracara Caracara plancus Review Species
0%
Scolopacidae Curlew Sandpiper Calidris ferruginea Review Species
0%
Mimidae Curve-billed Thrasher Toxostoma curvirostre Review Species
0%
Phalacrocoracidae Double-crested Cormorant Nannopterum auritum
0%
Tyrannidae Dusky Flycatcher Empidonax oberholseri
0%
Passerellidae Eastern Towhee Pipilo erythrophthalmus Review Species
0%
Tyrannidae Eastern Wood-Pewee Contopus virens Review Species
0%
Accipitridae Ferruginous Hawk Buteo regalis
0%
Turdidae Fieldfare Turdus pilaris Review Species
0%
Passerellidae Field Sparrow Spizella pusilla
0%
Strigidae Flammulated Owl Psiloscops flammeolus
0%
Passerellidae Fox Sparrow Passerella iliaca
0%
Laridae Franklin's Gull Leucophaeus pipixcan
0%
Anatidae Garganey Spatula querquedula Review Species
0%
Passerellidae Golden-crowned Sparrow Zonotrichia atricapilla
0%
Parulidae Golden-winged Warbler Vermivora chrysoptera Review Species
0%
Passerellidae Grasshopper Sparrow Ammodramus savannarum
0%
Turdidae Gray-cheeked Thrush Catharus minimus Review Species
0%
Fringillidae Gray-crowned Rosy-Finch Leucosticte tephrocotis
0%
Tyrannidae Gray Flycatcher Empidonax wrightii
0%
Laridae Great Black-backed Gull Larus marinus Review Species
0%
Tyrannidae Great Crested Flycatcher Myiarchus crinitus Review Species
0%
Anatidae Greater Scaup Aythya marila
0%
Strigidae Great Gray Owl Strix nebulosa
0%
Icteridae Great-tailed Grackle Quiscalus mexicanus Review Species
0%
Passerellidae Green-tailed Towhee Pipilo chlorurus
0%
Tyrannidae Hammond's Flycatcher Empidonax hammondii
0%
Passerellidae Harris's Sparrow Zonotrichia querula
0%
Turdidae Hermit Thrush Catharus guttatus
0%
Icteridae Hooded Oriole Icterus cucullatus Review Species
0%
Parulidae Hooded Warbler Setophaga citrina Review Species
0%
Scolopacidae Hudsonian Godwit Limosa haemastica
0%
Laridae Iceland Gull Larus glaucoides
0%
Laridae Ivory Gull Pagophila eburnea Review Species
0%
Parulidae Kentucky Warbler Geothlypis formosa Review Species
0%
Passerellidae Lark Bunting Calamospiza melanocorys
0%
Passerellidae Lark Sparrow Chondestes grammacus
0%
Ardeidae Least Bittern Botaurus exilis Review Species
0%
Tyrannidae Least Flycatcher Empidonax minimus
0%
Laridae Least Tern Sternula antillarum
0%
Passerellidae LeConte's Sparrow Ammospiza leconteii
0%
Laridae Lesser Black-backed Gull Larus fuscus
0%
Fringillidae Lesser Goldfinch Spinus psaltria
0%
Anatidae Lesser Scaup Aythya affinis
0%
Ardeidae Little Blue Heron Egretta caerulea Review Species
0%
Laniidae Loggerhead Shrike Lanius ludovicianus
0%
Scolopacidae Long-billed Curlew Numenius americanus
0%
Scolopacidae Long-billed Dowitcher Limnodromus scolopaceus
0%
Alcidae Long-billed Murrelet Brachyramphus perdix Review Species
0%
Strigidae Long-eared Owl Asio otus
0%
Anatidae Long-tailed Duck Clangula hyemalis
0%
Parulidae MacGillivray's Warbler Geothlypis tolmiei
0%
Parulidae Magnolia Warbler Setophaga magnolia
0%
Procellariidae Manx Shearwater Puffinus puffinus Review Species
0%
Scolopacidae Marbled Godwit Limosa fedoa
0%
Trochilidae Mexican Violetear Colibri thalassinus Review Species
0%
Charadriidae Mountain Plover Anarhynchus montanus
0%
Parulidae Mourning Warbler Geothlypis philadelphia
0%
Parulidae Nashville Warbler Leiothlypis ruficapilla
0%
Passerellidae Nelson's Sparrow Ammospiza nelsoni
0%
Phalacrocoracidae Neotropic Cormorant Nannopterum brasilianum Review Species
0%
Strigidae Northern Hawk Owl Surnia ulula
0%
Parulidae Northern Parula Setophaga americana
0%
Strigidae Northern Pygmy-Owl Glaucidium gnoma
0%
Hirundinidae Northern Rough-winged Swallow Stelgidopteryx serripennis
0%
Parulidae Northern Waterthrush Parkesia noveboracensis
0%
Tyrannidae Olive-sided Flycatcher Contopus cooperi
0%
Parulidae Orange-crowned Warbler Leiothlypis celata
0%
Icteridae Orchard Oriole Icterus spurius
0%
Parulidae Ovenbird Seiurus aurocapilla
0%
Charadriidae Pacific Golden-Plover Pluvialis fulva Review Species
0%
Parulidae Painted Redstart Myioborus pictus Review Species
0%
Scolopacidae Pectoral Sandpiper Calidris melanotos
0%
Podicipedidae Pied-billed Grebe Podilymbus podiceps
0%
Fringillidae Pine Grosbeak Pinicola enucleator
0%
Corvidae Pinyon Jay Gymnorhinus cyanocephalus
0%
Vireonidae Plumbeous Vireo Vireo plumbeus
0%
Falconidae Prairie Falcon Falco mexicanus
0%
Parulidae Prairie Warbler Setophaga discolor Review Species
0%
Fringillidae Purple Finch Haemorhous purpureus
0%
Scolopacidae Purple Sandpiper Calidris maritima Review Species
0%
Cardinalidae Pyrrhuloxia Cardinalis sinuatus Review Species
0%
Picidae Red-bellied Woodpecker Melanerpes carolinus Review Species
0%
Picidae Red-naped Sapsucker Sphyrapicus nuchalis
0%
Scolopacidae Red-necked Phalarope Phalaropus lobatus
0%
Fringillidae Redpoll Acanthis flammea
0%
Accipitridae Red-shouldered Hawk Buteo lineatus Review Species
0%
Anatidae Ring-necked Duck Aythya collaris
0%
Trochilidae Rivoli's Hummingbird Eugenes fulgens Review Species
0%
Troglodytidae Rock Wren Salpinctes obsoletus
0%
Laridae Ross's Gull Rhodostethia rosea Review Species
0%
Icteridae Rusty Blackbird Euphagus carolinus
0%
Laridae Sabine's Gull Xema sabini
0%
Passerellidae Sagebrush Sparrow Artemisiospiza nevadensis Review Species
0%
Mimidae Sage Thrasher Oreoscoptes montanus
0%
Cardinalidae Scarlet Tanager Piranga olivacea
0%
Icteridae Scott's Oriole Icterus parisorum Review Species
0%
Troglodytidae Sedge Wren Cistothorus stellaris Review Species
0%
Scolopacidae Semipalmated Sandpiper Calidris pusilla
0%
Accipitridae Sharp-shinned Hawk Accipiter striatus
0%
Scolopacidae Sharp-tailed Sandpiper Calidris acuminata Review Species
0%
Scolopacidae Short-billed Dowitcher Limnodromus griseus
0%
Laridae Short-billed Gull Larus brachyrhynchus
0%
Strigidae Short-eared Owl Asio flammeus
0%
Prunellidae Siberian Accentor Prunella montanella Review Species
0%
Calcariidae Smith's Longspur Calcarius pictus Review Species
0%
Rallidae Sora Porzana carolina
0%
Passerellidae Spotted Towhee Pipilo maculatus
0%
Anatidae Stejneger's Scoter Melanitta stejnegeri Review Species
0%
Anatidae Surf Scoter Melanitta perspicillata
0%
Turdidae Swainson's Thrush Catharus ustulatus
0%
Passerellidae Swamp Sparrow Melospiza georgiana
0%
Parulidae Tennessee Warbler Leiothlypis peregrina
0%
Calcariidae Thick-billed Longspur Rhynchophanes mccownii
0%
Turdidae Townsend's Solitaire Myadestes townsendi
0%
Parulidae Townsend's Warbler Setophaga townsendi
0%
Ardeidae Tricolored Heron Egretta tricolor Review Species
0%
Anatidae Tufted Duck Aythya fuligula Review Species
0%
Scolopacidae Upland Sandpiper Bartramia longicauda
0%
Turdidae Varied Thrush Ixoreus naevius
0%
Turdidae Veery Catharus fuscescens
0%
Tyrannidae Vermilion Flycatcher Pyrocephalus rubinus Review Species
0%
Passerellidae Vesper Sparrow Pooecetes gramineus
0%
Hirundinidae Violet-green Swallow Tachycineta thalassina
0%
Rallidae Virginia Rail Rallus limicola
0%
Parulidae Virginia's Warbler Leiothlypis virginiae Review Species
0%
Vireonidae Warbling Vireo Vireo gilvus
0%
Tyrannidae Western Flycatcher Empidonax difficilis
0%
Tyrannidae Western Kingbird Tyrannus verticalis
0%
Scolopacidae Western Sandpiper Calidris mauri
0%
Cardinalidae Western Tanager Piranga ludoviciana
0%
Tyrannidae Western Wood-Pewee Contopus sordidulus
0%
Scolopacidae Whimbrel Numenius phaeopus
0%
Passerellidae White-crowned Sparrow Zonotrichia leucophrys
0%
Vireonidae White-eyed Vireo Vireo griseus Review Species
0%
Threskiornithidae White-faced Ibis Plegadis chihi
0%
Scolopacidae White-rumped Sandpiper Calidris fuscicollis
0%
Accipitridae White-tailed Kite Elanus leucurus Review Species
0%
Phasianidae White-tailed Ptarmigan Lagopus leucura
0%
Passerellidae White-throated Sparrow Zonotrichia albicollis
0%
Apodidae White-throated Swift Aeronautes saxatalis
0%
Columbidae White-winged Dove Zenaida asiatica
0%
Anatidae White-winged Scoter Melanitta deglandi
0%
Picidae Williamson's Sapsucker Sphyrapicus thyroideus
0%
Tyrannidae Willow Flycatcher Empidonax traillii
0%
Phasianidae Willow Ptarmigan Lagopus lagopus Review Species
0%
Parulidae Wilson's Warbler Cardellina pusilla
0%
Scolopacidae Wood Sandpiper Tringa glareola Review Species
0%
Turdidae Wood Thrush Hylocichla mustelina
0%
Tyrannidae Yellow-bellied Flycatcher Empidonax flaviventris Review Species
0%
Icteriidae Yellow-breasted Chat Icteria virens
0%
Ardeidae Yellow-crowned Night-Heron Nyctanassa violacea Review Species
0%
Icteridae Yellow-headed Blackbird Xanthocephalus xanthocephalus
0%
Rallidae Yellow Rail Coturnicops noveboracensis Review Species
0%
Parulidae Yellow-rumped Warbler Setophaga coronata
0%
Vireonidae Yellow-throated Vireo Vireo flavifrons Review Species
0%
Parulidae Yellow-throated Warbler Setophaga dominica Review Species
0%
No matching quizzes found
Score Distribution
Percent of People with Each Score
Percentile by Number Answered
Your Score History
You have not taken this quiz